000 01040na a2200301 4500
001 20944
003 MIRAKIL
005 20181213154756.0
008 170130b tu 000 0
035 _a20944
040 _aMilas
_btur
_cTR-AnCHP
041 _atur
082 _aCHP 320.715
_bC3665m 2015
090 _aBROŞÜR 241
110 _aCumhuriyet Halk Partisi (CHP)
_bParti İçi Eğitim
245 _aMahalle/köy temsilcileri ve sandık çevresi sorumluları eğitimi
_cCumhuriyet Halk Partisi Parti İçi Eğitim
246 _aSandık çevresi sorumluları eğitimi
246 _aMahalle/köy temsilcileri eğitimi
260 _aAnkara
_bCHP
_c2015
300 _a30 s.
_brnkl. fotg.
_c21 sm.
440 _aCumhuriyet Halk Partisi
_pKılavuzlar
610 _aCumhuriyet Halk Partisi (CHP)
_bParti İçi Eğitim
_xEğitim
_ySandık çevresi
610 _aCHP
_xPropaganda ve ideolojiler
_yParti içi eğitim
710 _aCHP Parti İçi Eğitim
830 _aCHP yayınları
942 _2ddc
_cBKS
999 _c665
_d665